000 00812nam a2200253 a 4500
001 BRCA_8065
005 20190320210121.0
008 010414s1966----sz-####f##---#001-0#ger-#
041 _ager
044 _asz
050 4 _aPJ5053
_b.A36 1966
100 1 _aAgnon, S. J.
_920038
245 1 0 _aIm herzen der meere
_bund andere erzählungen
_cS. J. Agnon ; ubersetzung aus dem hebräischen von Karl Steinschneider und Max Strauss ; nachwort von Tuwia Rubner.
260 _aZürich
_bManesse
_c1966
300 _a615 p.
_c15 cm.
500 _aY60
650 1 4 _aLiteratura y sociedad
_zAlemania
_920039
650 1 4 _aLiteratura Alemana
_vNarrativa
_920040
700 1 _aSteinschneider, Karl
_etr.
_920041
700 1 _aStrauss, Max
_etr.
_920042
700 1 _aRubner, Tuwia
_920043
902 _aGFM
942 _2lcc
_cB
999 _c7733
_d7733